Castillos y fortificaciones de Galicia (Record no. 145223)

MARC details
000 -LEADER
campo de control de longitud fija 00889nam a2200217 i 4500
001 - NÚMERO DE CONTROL
campo de control 145223
003 - IDENTIFICADOR DE NÚMERO DE CONTROL
campo de control ES-MaACL
005 - FECHA Y HORA DE LA ÚLTIMA TRANSACCIÓN
campo de control 20250728084433.0
007 - CAMPO FIJO DE DESCRIPCIÓN FÍSICA--INFORMACIÓN GENERAL
campo de control de longitud fija t|
008 - DATOS DE LONGITUD FIJA--INFORMACIÓN GENERAL
campo de control de longitud fija 070214s1985 sp af |||| | spa d
100 1# - ENTRADA PRINCIPAL--NOMBRE DE PERSONA
Nombre de persona Soraluce Blond, José Ramón.
9 (RLIN) 107323
245 10 - MENCIÓN DEL TÍTULO
Título Castillos y fortificaciones de Galicia
Resto del título : la arquitectura militar de los siglos XVI-XVIII /
Mención de responsabilidad, etc. José Ramón Soraluce Blond.
260 ## - PUBLICACIÓN, DISTRIBUCIÓN, ETC.
Lugar de publicación, distribución, etc. La Coruña :
Nombre del editor, distribuidor, etc. Fundación Pedro Barrié de la Maza, Conde de Fenosa,
Fecha de publicación, distribución, etc. 1985.
300 ## - DESCRIPCIÓN FÍSICA
Extensión 194 p., [5] h. de lám. :
Otras características físicas il. ;
Dimensiones 34 cm.
490 1# - MENCIÓN DE SERIE
Mención de serie Catalogación arqueológica y artística de Galicia
650 #4 - PUNTO DE ACCESO ADICIONAL DE MATERIA--TÉRMINO DE MATERIA
Término de materia o nombre geográfico como elemento de entrada Fortificaciones-
Subdivisión geográfica Galicia-
Subdivisión de forma Historia.
9 (RLIN) 166338
710 2# - ENTRADA AGREGADA--NOMBRE DE ENTIDAD CORPORATIVA
Nombre de entidad corporativa o nombre de jurisdicción como elemento de entrada Fundación Pedro Barrié de la Maza, Conde de Fenosa
9 (RLIN) 176439
830 0# - PUNTO DE ACCESO ADICIONAL DE SERIE-TÍTULO UNIFORME
Título uniforme Catalogación arqueológica y artística de Galicia
9 (RLIN) 193029
852 ## - LOCALIZACIÓN
Ubicación ES-MaACL
Número de control de estantería L-9065
Holdings
Estatus retirado Estado de pérdida Estado de daño No para préstamo Biblioteca de origen Biblioteca actual Ubicación en estantería Fecha de adquisición Fuente de adquisición Total de préstamos Signatura topográfica completa Código de barras Visto por última vez Precio de reemplazo Tipo de ítem Koha
        Biblioteca del Ateneo de Madrid Biblioteca del Ateneo de Madrid Depósito 2 17/01/2008     L-9065 1151590 23/02/2023 23/02/2023 Libro impreso